01079 a2200169 45000010006000000050017000060080041000230030015000640400040000790800099001192450026002182500011002442640047002553000019003025050561003211000027008822964320260407155606.0260407a1964 arg spa dAR-UNSa-BCEJYS aAR-UNSa-BCEJYSbspacAR-UNSa-BCEJYS a657.36xBalances de comprobación (balance estimativo). Balances de saldo. Balance intermedio10aComo hacer un balance a2a. ed 1aBuenos Aires :bSelección Contablec1964 a181 p.c24 cm. a1. El plan de cuentas como base para el balance - 2. La formación del balance en las empresas de pequeña o mediana dimensión - 3. Una rutina fácil para hacer el balance en las empresas de pequeña y mediana dimensión - 4. Los asientos que deben hacerse en ocasión del cierre del ejercicio - 5. presentación del balance - 6. Ejemplos de formación de balance en una empresa comercial y en una industrial - 7. Casos prácticos comentados - 8. Teoría del balance - 9. Estudio sobre la composición o estructura del capital de las empresas.1 aLópes de Sa, Antonio